Talking songs : (Record no. 129062)

MARC details
000 -LEADER
fixed length control field 00773nam a22002177a 4500
005 - DATE AND TIME OF LATEST TRANSACTION
control field 20170124110050.0
010 ## - LIBRARY OF CONGRESS CONTROL NUMBER
LC control number B-163290
020 ## - INTERNATIONAL STANDARD BOOK NUMBER
Terms of availability 00.00
035 ## - SYSTEM CONTROL NUMBER
System control number B-163290
037 ## - SOURCE OF ACQUISITION
Source of stock number/acquisition Cen Lib/Ret
040 ## - CATALOGING SOURCE
Original cataloging agency DPL
Language of cataloging EN
082 ## - DEWEY DECIMAL CLASSIFICATION NUMBER
Classification number 782.42
Item number TAL
245 ## - TITLE STATEMENT
Title Talking songs :
Statement of responsibility, etc translated by Nasreen Munni Kabir
Remainder of title Javed Akhtar in conversation with Nasreen Munni Kabir and sixty selected songs /
260 ## - PUBLICATION, DISTRIBUTION, ETC. (IMPRINT)
Place of publication, distribution, etc New Delhi
Name of publisher, distributor, etc Oxford University Press
Date of publication, distribution, etc 2005
270 ## - ADDRESS
City New Delhi
Address YMCA Library Building, Jai Singh Road
Postal code 110001
300 ## - PHYSICAL DESCRIPTION
Extent xix,252p. :
Dimensions 21cm(Hb)
Other physical details ill.
650 ## - SUBJECT ADDED ENTRY--TOPICAL TERM
Topical term or geographic name as entry element Lyricists -- India -- Interview
9 (RLIN) 25266
650 ## - SUBJECT ADDED ENTRY--TOPICAL TERM
Topical term or geographic name as entry element Motion picture music -- India
9 (RLIN) 25267
700 ## - ADDED ENTRY--PERSONAL NAME
Personal name Kabir, Nasreen Munni
9 (RLIN) 25268
942 ## - ADDED ENTRY ELEMENTS (KOHA)
Source of classification or shelving scheme Dewey Decimal Classification
Koha item type English Books
Classification part 782.42
Call number suffix TAL
Holdings
Withdrawn status Lost status Damaged status Not for loan Home library Current library Date acquired Source of acquisition Cost, normal purchase price Total Checkouts Full call number Barcode Date last seen Date checked out Copy number Cost, replacement price Price effective from Koha item type
        Central Library Central Library 04/07/2015 Cen Lib/Ret 0.00 2 782.42 TAL B-163290 30/09/2018 16/09/2018 1 0.00 04/07/2015 English Books

© Delhi Public Library
Hit Counter
free hit counter